000 00641cam a22002173a 4500
001 37862
003 PGUSA
005 20140828083830.0
008 111026s2011||||xxu|||||s|||||000 | eng d
040 _aPGUSA
_beng
042 _adc
100 1 _aMiller, Elizabeth,
_d1878-1961
245 1 0 _aSaul of Tarsus :
_bA Tale of the Early Christians
_h[electronic resource] /
_cElizabeth Miller
260 _bProject Gutenberg,
_c2011
506 _aPublic domain in the USA.
516 _aElectronic text
700 1 _aCastaigne, J. André
830 0 _aProject Gutenberg
_v37862
856 4 0 _uhttp://www.gutenberg.org/ebooks/37862
942 _cEB
999 _c267116
_d267116